Aqua Teen Hunger Force Episodes - Statistics

General Stats
  • This quiz has been taken 9 times
  • The average score is 6 of 144
Answer Stats
Hint Answer % Correct
Season 4 Handbanana
60%
Season 2 The
60%
Season 4 Bart Oates
20%
Season 5 Bible Fruit / Fruits
20%
Season 2 Broodwich
20%
Season 9 Buddy Nugget
20%
Season 3 Carl / Spacegate World
20%
Season 4 Dirtfoot
20%
Season 1 Dumber Dolls
20%
Season 6 Fry Legs
20%
Season 4 Global Grilling
20%
Season 4 Grim Reaper Gutters
20%
Season 7 Hands on a Hamburger
20%
Season 7 Larry Miller Hair System
20%
Season 1 MC Pee Pants
20%
Season 7 Monster
20%
Season 1 Ol' Drippy
20%
Season 4 Party All the Time
20%
Season 1 Revenge of the Mooninites
20%
Season 2 Revenge of the Trees
20%
Season 3 Robositter
20%
Season 6 Shake Like Me
20%
Season 5 Sirens
20%
Season 2 Super Birthday Snake
20%
Season 2 The Cloning
20%
Season 2 The Cubing
20%
Season 11 The Greatest Story Ever Told
20%
Season 2 The Last One
20%
Season 6 2-And-a-Half-Star Wars Out of Five / Pink Man
0%
Season 8 Allen Part One
0%
Season 8 Allen Part Two
0%
Season 4 Antenna
0%
Season 12 Anubis
0%
Season 7 A PE Christmas
0%
Season 12 A Quiet Shake
0%
Season 1 Bad Replicant
0%
Season 1 Balloonenstein
0%
Season 10 Banana Planet
0%
Season 9 Big Bro / The Iron Will
0%
Season 9 Bookie
0%
Season 4 Boost Mobile
0%
Season 5 Boston
0%
Season 11 Brain Fairy
0%
Season 1 Bus of the Undead
0%
Season 4 Carl Wash
0%
Season 9 Chicken and Beans
0%
Season 6 Chick Magnet
0%
Season 1 Circus
0%
Season 5 Couples Skate
0%
Season 1 Cybernetic Ghost of Christmas Past from the Future
0%
Season 4 Deleted Scenes / Star Studded Xmas Spectacular / Star Studded Christmas Spectacular Starring Rhon Geremi
0%
Season 6 Der Inflatable Fuehrer
0%
Season 4 Dickesode
0%
Season 3 Diet / The South Bronx Paradise Diet
0%
Season 1 Dumber Days
0%
Season 5 Dummy Love
0%
Season 3 Dusty Gozongas
0%
Season 3 eDork
0%
Season 7 Eggball
0%
Season 1 Escape from Leprechaupolis
0%
Season 4 Ezekial
0%
Season 9 Fightan Titan
0%
Season 2 Frat Aliens
0%
Season 10 Freda
0%
Season 8 Freedom Cobra
0%
Season 3 Gee Whiz
0%
Season 6 Gene E.
0%
Season 12 Get Lit Upon a Situpon
0%
Season 5 Hoppy Bunny
0%
Season 11 Hospice
0%
Season 3 Hypno-Germ
0%
Season 7 IAMAPOD
0%
Season 1 Interfection
0%
Season 7 Juggalo
0%
Season 8 Jumpy George
0%
Season 7 Kangarilla and the Magic Tarantula
0%
Season 2 Kidney Car
0%
Season 11 Knapsack!
0%
Season 8 Lasagna
0%
Season 5 Laser Lenses
0%
Season 8 Last Dance for Napkin Lad
0%
Season 6 Last Last One Forever and Ever / Live Action
0%
Season 3 Little Brittle
0%
Season 1 Love Mummy
0%
Season 1 Mail-Order Bride
0%
Season 1 Mayhem of the Mooninites
0%
Season 10 Merlo Sauvignon Blanco
0%
Season 4 Moonajuana
0%
Season 3 Moon Master / Mooninites 4: The Final Mooning
0%
Season 11 Mouth Quest
0%
Season 7 Multiple Meat
0%
Season 10 Muscles
0%
Season 7 One Hundred
0%
Season 1 PDA
0%
Season 10 Piranha Germs
0%
Season 11 Rabbit, Not Rabbot
0%
Season 1 Rabbot
0%
Season 7 Rabbot Redux
0%
Season 5 Reedickyoulus
0%
Season 3 Remooned / Mooninites 3: Remooned
0%
Season 5 Robots Everywhere
0%
Season 9 Rocket Horse & Jet Chicken
0%
Season 7 Rubberman
0%
Season 12 Scrip2 2i2le: The Ts Are 2s
0%
Season 12 Shaketopia
0%
Season 6 She Creature
0%
Season 9 Shirt Herpes
0%
Season 10 Skins
0%
Season 10 Spacecadeuce
0%
Season 1 Space Conflict from Beyond Pluto
0%
Season 2 Spirit Journey Formation Anniversary
0%
Season 10 Storage Zeebles
0%
Season 2 Super Bowl
0%
Season 2 Super Computer
0%
Season 2 Super Hero
0%
Season 2 Super Model
0%
Season 2 Super Sirloin
0%
Season 2 Super Spore
0%
Season 2 Super Squatter
0%
Season 2 Super Trivia
0%
Season 11 Sweet C
0%
Season 2 The Clowning
0%
Season 6 The Creature from Plaque Lagoon
0%
Season 8 The Creditor
0%
Season 2 The Dressing
0%
Season 10 The Dudies
0%
Season 9 The Granite Family
0%
Season 11 The Hairy Bus
0%
Season 8 The Intervention
0%
Season 11 "The Last One Forever and Ever (For Real This Time) (We ****ing Mean It)
0%
Season 5 The Marines
0%
Season 2 The Meat Zone
0%
Season 2 The Shaving
0%
Season 6 Time Machine
0%
Season 2 Total Re-Carl
0%
Season 9 Totem Pole
0%
Season 3 T-Shirt of the Living Dead / T-Shirt of the Dead
0%
Season 2 Universal Remonster
0%
Season 3 Unremarkable Voyage
0%
Season 8 Vampirus
0%
Season 3 Video Ouija
0%
Season 8 Wi-tri
0%
Season 10 Working Stiffs
0%
Season 9 Zucotti Manicotti
0%
No matching quizzes found
Score Distribution
Percent of People with Each Score
Percentile by Number Answered
Your Score History
You have not taken this quiz